<?xml version="1.0" encoding="UTF-8"?>
<collection xmlns="http://www.loc.gov/MARC21/slim">
<record>
  <controlfield tag="001">168563</controlfield>
  <controlfield tag="005">20260211123807.0</controlfield>
  <datafield tag="024" ind1="7" ind2=" ">
    <subfield code="2">doi</subfield>
    <subfield code="a">10.1016/j.molstruc.2026.145493</subfield>
  </datafield>
  <datafield tag="024" ind1="8" ind2=" ">
    <subfield code="2">sideral</subfield>
    <subfield code="a">148020</subfield>
  </datafield>
  <datafield tag="037" ind1=" " ind2=" ">
    <subfield code="a">ART-2026-148020</subfield>
  </datafield>
  <datafield tag="041" ind1=" " ind2=" ">
    <subfield code="a">eng</subfield>
  </datafield>
  <datafield tag="100" ind1=" " ind2=" ">
    <subfield code="a">Sultana, Shabnam</subfield>
  </datafield>
  <datafield tag="245" ind1=" " ind2=" ">
    <subfield code="a">Synthesis, characterization, computational study and nonlinear absorption properties of 4-(2-aminomethyl)pyridinium dipicrate</subfield>
  </datafield>
  <datafield tag="260" ind1=" " ind2=" ">
    <subfield code="c">2026</subfield>
  </datafield>
  <datafield tag="520" ind1="3" ind2=" ">
    <subfield code="a">A new picrate salt of nitrogen-rich 4-(2-aminomethyl)pyridinium (PA_4AP) has been successfully crystallized in 2:1 stoichiometry confirming the acid-base proton-transfer. The crystal lattice is marked by H-bond and π-stacking interactions leading to a supramolecular architecture where picrate anions are sandwiched in between the 4-(2-aminomethyl)pyridinium (4AP) cations. Characterization techniques like elemental analysis, PXRD, UV-vis, FT-IR, ESI-MS and 1H/13C-NMR spectroscopy have proved the crystallinity and purity of the complex salt. Then, nonlinear optical (NLO) properties of picric acid (HPA) and PA_4AP has been investigated in DMF solution by irradiating 532 nm Q-switched Nd:YAG nanosecond laser. The open aperture Z-scan curves indicate nonlinear absorption (NLA) behaviour in both the samples. The normalized transmittance (NT) dropped from 100% to 84% and 78% in PA and PA_4AP, respectively, indicating optical limiting (OL) response from both the samples. The NLA coefficient, ß (1.5 × 10−11 m/W) and OL threshold (1.5 × 1013 W/m2) of PA_4AP was found to be higher than the values of HPA, suggesting hydrogen-bonding mediated NLO behaviour marked by reverse saturable absorption mechanisms. DFT calculations performed on optimized HPA and PA_4AP structures in comparison to the crystallographic structure of PA_4AP theoretically predict the smallest HOMO-LUMO gap (1.574 eV), the highest electrophilicity (19.203 eV), and the lowest chemical hardness (0.787 eV) for the crystallographic PA_4AP species compared to the other systems. The experimental results confirm the superior third-order NLO performance of the PA_4AP material driven by hydrogen bond interactions in the supramolecular scaffold. © 2026 Elsevier B.V.</subfield>
  </datafield>
  <datafield tag="540" ind1=" " ind2=" ">
    <subfield code="9">info:eu-repo/semantics/closedAccess</subfield>
    <subfield code="a">All rights reserved</subfield>
    <subfield code="u">http://www.europeana.eu/rights/rr-f/</subfield>
  </datafield>
  <datafield tag="655" ind1=" " ind2="4">
    <subfield code="a">info:eu-repo/semantics/article</subfield>
    <subfield code="v">info:eu-repo/semantics/publishedVersion</subfield>
  </datafield>
  <datafield tag="700" ind1=" " ind2=" ">
    <subfield code="a">Pardos, Jorge</subfield>
    <subfield code="u">Universidad de Zaragoza</subfield>
  </datafield>
  <datafield tag="700" ind1=" " ind2=" ">
    <subfield code="a">Zangrando, Ennio</subfield>
  </datafield>
  <datafield tag="700" ind1=" " ind2=" ">
    <subfield code="a">Echeverría, Jorge</subfield>
  </datafield>
  <datafield tag="700" ind1=" " ind2=" ">
    <subfield code="a">Das, Chandan</subfield>
  </datafield>
  <datafield tag="700" ind1=" " ind2=" ">
    <subfield code="a">Ramakrishna, Dileep</subfield>
  </datafield>
  <datafield tag="700" ind1=" " ind2=" ">
    <subfield code="a">Manjunatha, K.B.</subfield>
  </datafield>
  <datafield tag="700" ind1=" " ind2=" ">
    <subfield code="a">Sanyal, Ria</subfield>
  </datafield>
  <datafield tag="710" ind1="2" ind2=" ">
    <subfield code="1">2013</subfield>
    <subfield code="2">765</subfield>
    <subfield code="a">Universidad de Zaragoza</subfield>
    <subfield code="b">Dpto. Química Orgánica</subfield>
    <subfield code="c">Área Química Orgánica</subfield>
  </datafield>
  <datafield tag="773" ind1=" " ind2=" ">
    <subfield code="g">1359 (2026), 145493</subfield>
    <subfield code="p">J. mol. struct.</subfield>
    <subfield code="t">JOURNAL OF MOLECULAR STRUCTURE</subfield>
    <subfield code="x">0022-2860</subfield>
  </datafield>
  <datafield tag="856" ind1="4" ind2=" ">
    <subfield code="s">7960733</subfield>
    <subfield code="u">http://zaguan.unizar.es/record/168563/files/texto_completo.pdf</subfield>
    <subfield code="y">Versión publicada</subfield>
  </datafield>
  <datafield tag="856" ind1="4" ind2=" ">
    <subfield code="s">2461455</subfield>
    <subfield code="u">http://zaguan.unizar.es/record/168563/files/texto_completo.jpg?subformat=icon</subfield>
    <subfield code="x">icon</subfield>
    <subfield code="y">Versión publicada</subfield>
  </datafield>
  <datafield tag="909" ind1="C" ind2="O">
    <subfield code="o">oai:zaguan.unizar.es:168563</subfield>
    <subfield code="p">articulos</subfield>
    <subfield code="p">driver</subfield>
  </datafield>
  <datafield tag="951" ind1=" " ind2=" ">
    <subfield code="a">2026-02-11-10:27:15</subfield>
  </datafield>
  <datafield tag="980" ind1=" " ind2=" ">
    <subfield code="a">ARTICLE</subfield>
  </datafield>
</record>
</collection>